LEADER 01053nam a2200229 i 4500 001 000000157731 003 CaOOAMICUS 005 20070417000000.0 008 070417s1909 it u000 u spa u 013 $a135092 040 $aSeMil$bita 100 1 $aMoretti, Gaetano,$d<1860-1938>.$0(OLS)http://semarc/name/41704 245 10$aConcurso para el monumento a la independencia argentina en Buenos Aires /$cGaetano Moretti, Luigi Brizzolara. 260 $a[Milano :$bs.n.],$c1909$e(Milano :$fTipografia U. Allegretti,$g1909) 300 $a23 p. :$bill. (b/n) ;$c32 cm. 650 4$aArgentina - Buenos Aires - Arte e storia.$0(OLS)http://semarc/subject/17337 700 1 $aBrizzolara, Luigi.$0(OLS)http://semarc/name/42159 850 $aSeMil 852 $aSeMil$W1$xVenegono$y1$m5C XI 4/19$j109409$B109409$CSeMilBibl$Z2$F122386 $81 961 $aRecupero: Altro 996 $6245$aConcurso para el monumento a la independencia argentina en Buenos Aires$9(OLS)http://semarc/title/231367 996 $6260$a[Milano :$bs.n.]$9(OLS)http://semarc/publisher/34323 LEADER 00950nam a2200217 i 4500 001 000000186069 003 CaOOAMICUS 005 20100219000000.0 008 100219s1909 it u000 u ita u 013 $a164115 040 $aSeMil$bita 100 1 $aLeroy, Hippolyte .$0(OLS)http://semarc/name/6130 245 10$aAnno 1895 /$cIppolito Leroy ; traduzione del can. prof. Salvatore Greco. 260 $aGiarre :$bP. Lisi,$c1909$e(Luogo di manifattura non identificato :$fTip. G. Denaro,$g1909) 300 $a234 p. ;$c21 cm. 700 1 $aGreco, Salvatore.$0(OLS)http://semarc/name/68362 773 0 $aLeroy, Hippolyte $tGesù Cristo, la sua vita ed il suo tempo.$dGiarre : P. Lisi, 1909.$gVol.2$w()22957 850 $aSeMil 852 $aSeMil$W1$xVenegono$y1$m2X II 48$j136756$B136756$CSeMilBibl$Z2$F148315 $81 996 $6245$aAnno 1895$9(OLS)http://semarc/title/267440 996 $6260$aGiarre :$bP. Lisi$9(OLS)http://semarc/publisher/35799